| 000 | 00806nas a2200265 4500 | ||
|---|---|---|---|
| 001 | BR9601412 | ||
| 003 | BR-BrBNA | ||
| 005 | 20231205095714.0 | ||
| 007 | ta | ||
| 008 | 230509b bl.|||p| |||| 00| 00por d | ||
| 040 |
_aBR-BrBNA _bpor _cBiblioteca Nacional de Agricultura |
||
| 041 | _a(En) | ||
| 072 | _aL73 | ||
| 100 | 1 | _aAradaib, I.E. | |
| 100 | 1 | _aAbdelmageed, E.M. | |
| 100 | 1 | _aHassan, S.A. | |
| 100 | 1 | _aRiemann, H.P. | |
| 245 | 1 | _aA review on the diagnosis infection in cattle of Schistosoma bovis: current status and future prospects | |
| 650 | _aBovino | ||
| 650 | _aEsquistossomose | ||
| 650 | _aDiagnostico | ||
| 773 | 0 |
_tCiencia Rural (Brazil) _xISSN 0103-8478 _g(Sep-Dec 1995), v. 25(3) p. 493-498 _wBR9601412 |
|
| 909 |
_a202311 _bLúcia _c55 _dLúcia Elande |
||
| 942 |
_2AGRIS _n0 _cANA |
||
| 999 |
_c152252 _d152252 |
||